Music Quiz

Random Music or Bands Quiz

Shared Word: Song Titles II Quiz Stats

 Plays Quiz Updated Oct 13, 2016

Challenge
Share
Tweet
Embed
Score 0/30 Timer 08:00
1 Play Today
Partial Song Titles Missing Word % Correct
'...this Way'
'...to Run'
'...to Be Wild'
Born
97.7%
'Candy...'
'Barbie...'
'Brown Eyed...'
Girl
94.4%
'My...Is'
'Say My...'
'My...is Jonas'
Name
93.5%
'With or...You'
'Love will Never Do (...You)'
'Lost...U'
Without
93.1%
'...Harry'
'...Diana'
'...Little Secret'
Dirty
92.8%
'...Than Anyone'
'...Human than Human'
'...Than Words'
More
90.1%
'...Bon Bon'
'...Duper Love'
'...Freak'
Super
90%
'...Princes'
'Goody...Shoes'
'...Pina Coladas'
Two
89.3%
'...Pills'
'...Haze'
'...Rain'
Purple
88.9%
'...Love'
'Going to...'
'Hotel...'
California
87.6%
'We...Together'
'You...With Me'
'Up Where We...'
Belong
84.3%
'...Your Booty'
'...Your Pom-Pom'
'...It Up'
Shake
84%
'Dancing...'
'Caribbean...'
'Acid...'
Queen
81%
'Party...'
'...to Handle'
'...to Say I'm Sorry'
Hard
75.2%
'Welcome to...'
'...City'
'Cheeseburger in...'
Paradise
74.2%
Partial Song Titles Missing Word % Correct
'...of the Moment'
'Canned...'
'The...Is On'
Heat
73.4%
'...Diggity'
'Caroline...'
'...Excuses'
No
73.2%
'...Rider'
'After...'
'...Train to Georgia'
Midnight
72.9%
'Tell Me...Good'
'...to Talk About'
'...He Can Feel'
Something
70%
'You Can Do...'
'Do You Believe in...'
'...Stick'
Magic
66.8%
'...Still'
'I'm Still...'
'...Outside a Broken Phone Booth with Money in My Hand'
Standing
63%
'The...Is Yours'
'Weapon of...'
'Freedom of...'
Choice
61.6%
'...on My Mind'
'Thank God It's...'
'...I'm In Love'
Friday
58%
'...for You'
'...Down the House'
'...Love'
Burning
55.6%
'...Ga Ga'
'This Is...Clash'
'Guerilla...'
Radio
47.8%
'...Monday'
'For You...'
'Counting...Cars'
Blue
47.7%
'Been...Stealing'
'...A Lite Sneeze'
'...By the River'
Caught
43.7%
'...Crashes'
'Ride the...'
'White...'
Lightning
40.2%
'I Wanna Take You...'
'...Love'
'...Ground'
Higher
38%
'...of Pain'
'...of Wishful Thinking'
'...of Sorrow'
King
35.8%

You're not logged in!

Compare scores with friends on all Sporcle quizzes.
OR
Log In

You Might Also Like...

Show Comments

Extras

Top Quizzes Today


Score Distribution

Your Account Isn't Verified!

In order to create a playlist on Sporcle, you need to verify the email address you used during registration. Go to your Sporcle Settings to finish the process.

Report this User

Report this user for behavior that violates our Community Guidelines.

Details: